Applications of plant tissue culture (Record no. 111441)
[ view plain ]
| 000 -LEADER | |
|---|---|
| fixed length control field | 01144nam a2200301Ia 4500 |
| 100 1# - MAIN ENTRY--AUTHOR NAME | |
| Personal name | Ponmurugan, P. |
| 245 10 - TITLE STATEMENT | |
| Title | Applications of plant tissue culture |
| 260 ## - PUBLICATION, DISTRIBUTION, ETC. (IMPRINT) | |
| Place of publication | New Delhi : |
| Name of publisher | New Age International, |
| Year of publication | 2012. |
| 300 ## - PHYSICAL DESCRIPTION | |
| Number of Pages | xvi, 205 p. |
| 650 #0 - SUBJECT ADDED ENTRY--TOPICAL TERM | |
| Topical Term | Plant tissue culture. |
| Topical Term | Plant physiology. |
| 700 1# - ADDED ENTRY--PERSONAL NAME | |
| Personal name | Kumar, K. Suresh. |
| 856 40 - ELECTRONIC LOCATION AND ACCESS | |
| Uniform Resource Identifier | http://site.ebrary.com/lib/rucke/Doc?id=10594270 |
No items available.
